000 00765nam a2200205Ii 4500
003 JO-AjNU
008 230605s9999||||xx |||||||||||||| ||und||
040 _aJO-AjNU
_bara
_erda
_cJO-AjNU
041 _aara
050 1 4 _aBP192.7.L4.G47 2000
100 3 _aغريب، حسن,
_eauthor
_920944
245 0 0 _aنحو تاريخ فكري سياسي لشيعة لبنان أوضاع واتجاهات، ج1
250 _aط1
264 3 1 _aبيروت: المؤلف، 2000
300 _aج1، 304ص
_bالملاحق ص 291-298 ؛ المصادر والمراجع ص 299-304
336 _atext
_btxt
_2rdacontent
337 _aunmediated
_bn
_2rdamedia
338 _avolume
_bnc
_2rdacarrier
650 4 _aالشيعة- لبنان- تاريخ- سياسة وحكومة
_920945
999 _aA7193
_c10761
_d10761